000 00558nam a2200193Ia 4500
008 131103s9999 xx 000 0 und d
040 _aLoreto College
041 _aEnglish
082 _a910/MON
_bLCBED/2497
100 _aMonkhouse, F . J
245 _aPrinciples of physical geography
_cF.J.Monkhouse
260 _aLondon
_bUniversity of London Press
_c1965
300 _axxv ,511p
_b ill.figures , photos
_c 21cm
504 _aIncludes index
650 _aGeneral geography
651 _aPhysical geography
850 _aLCBED/910/MON
942 _cBK
999 _c29003
_d79482